| Tag |
First Indicator |
Second Indicator |
Subfields |
| LEADER |
00000cem a2200000 a 4500 |
| 001 |
in00001406532 |
| 005 |
20151020072741.0 |
| 007 |
aj canzn |
| 008 |
950512s1994 mx a 1 spa |
| 010 |
|
|
|a 95680821
|
| 020 |
|
|
|a 9706210318
|
| 034 |
1 |
|
|a a
|b 20000
|
| 035 |
|
|
|a (OCoLC)32547629
|
| 035 |
|
|
|9 AHQ3473AM
|
| 040 |
|
|
|a DLC
|c DLC
|d TXA
|d UtOrBLW
|
| 049 |
|
|
|a TXAM
|
| 050 |
0 |
0 |
|a G4414.T68 1994
|b .G8
|
| 052 |
|
|
|a 4414
|b T68
|
| 110 |
2 |
|
|a Guía Roji, s.a.
|
| 245 |
1 |
0 |
|a Toluca, Estado de México.
|
| 255 |
|
|
|a Scale 1:20,000. 1 cm. = 200 m.
|
| 264 |
|
1 |
|a México, D.F. :
|b Guía Roji,
|c [1994]
|
| 264 |
|
4 |
|c ©1994
|
| 300 |
|
|
|a 1 map :
|b both sides, color ;
|c 68 x 168 cm., on sheet 69 x 94 cm., folded to 26 x 14 cm.
|
| 336 |
|
|
|a cartographic image
|b cri
|2 rdacontent
|
| 337 |
|
|
|a unmediated
|b n
|2 rdamedia
|
| 338 |
|
|
|a sheet
|b nb
|2 rdacarrier
|
| 500 |
|
|
|a Panel title.
|
| 500 |
|
|
|a Alternate title: Ciudad de Toluca.
|
| 500 |
|
|
|a Includes index and distance lists.
|
| 500 |
|
|
|a Cartographic material.
|
| 651 |
|
0 |
|a Toluca de Lerdo (Mexico)
|x Maps.
|
| 740 |
0 |
|
|a Ciudad de Toluca.
|
| 948 |
|
|
|a c:JLG
|
| 999 |
|
|
|a MARS
|
| 999 |
f |
f |
|s 65387072-5ac3-3d2e-a556-c3deae6e5678
|i e1000ca2-61d6-3cc3-be8f-6daf42cedc36
|t 0
|
| 952 |
f |
f |
|p normal
|a Texas A&M University
|b College Station
|c Sterling C. Evans Library
|d Evans: Maps (2nd floor)
|t 0
|e G4414.T68 1994 .G8
|h Library of Congress classification
|i unmediated -- sheet
|m A14815730324
|
| 952 |
f |
f |
|p normal
|a Texas A&M University
|b College Station
|c Sterling C. Evans Library
|d Evans: Maps (2nd floor)
|t 0
|e G4414.T68 1994 .G8
|h Library of Congress classification
|i unmediated -- sheet
|m A14823718776
|
| 952 |
f |
f |
|p normal
|a Texas A&M University
|b College Station
|c Sterling C. Evans Library
|d Evans: Maps (2nd floor)
|t 0
|e G4414.T68 1994 .G8
|h Library of Congress classification
|i unmediated -- sheet
|m A14823718506
|
| 998 |
f |
f |
|a G4414.T68 1994 .G8
|t 0
|l Evans: Maps (2nd floor)
|
| 998 |
f |
f |
|a G4414.T68 1994 .G8
|t 0
|l Evans: Maps (2nd floor)
|
| 998 |
f |
f |
|a G4414.T68 1994 .G8
|t 0
|l Evans: Maps (2nd floor)
|